| 000 | 00512nam a2200193Ia 4500 | ||
|---|---|---|---|
| 005 | 20250508152124.0 | ||
| 008 | 008 250505s9999 xx 000 0 eng d | ||
| 037 | _aTextual | ||
| 040 |
_aFEDL _beng _cFEDL |
||
| 041 |
_aeng _2eng |
||
| 084 |
_a332.4, ROB _qFEDL |
||
| 100 | _aRobertson Dennis H. | ||
| 245 | 0 | _aEssays in monetary theory | |
| 260 |
_aLondon, UK _bStaples Press _c1940 |
||
| 300 | _aix,252p. | ||
| 650 | _aEconomics | ||
| 942 |
_cTEXL _h332.4, ROB |
||
| 999 |
_c1334401 _d1334401 |
||